01921nam a22003017a 45000010005000000030006000050050017000110080041000280200018000690400029000870500019001160820013001351000020001482450066001682600054002343000045002884900020003335050008003535200970003615210020013315210020013516500022013716500019013937000033014129420015014459990015014609520144014759617FISKH20260126104205.0260126b cb ||||| |||| 00| 0 eng d a9781408855690 aFISKHbengcFISKHdFISKH aPZ7 .R79835 .H a823.914  aRowling , J. K aHarry Potter and the order of the phoenix /cBy J. K. Rowling aLondon : bBloomsbury Children's Books ,c2003 .  a799 pages : billustrations ; c20 cm .  aHarry Potterv5 aZ  aYoung Adult Fiction. HTML:'You are sharing the Dark Lord's thoughts and emotions. The Headmaster thinks it inadvisable for this to continue. He wishes me to teach you how to close your mind to the Dark Lord.' Dark times have come to Hogwarts. After the Dementors' attack on his cousin Dudley, Harry Potter knows that Voldemort will stop at nothing to find him. There are many who deny the Dark Lord's return, but Harry is not alone: a secret order gathers at Grimmauld Place to fight against the Dark forces. Harry must allow Professor Snape to teach him how to protect himself from Voldemort's savage assaults on his mind. But they are growing stronger by the day and Harry is running out of time... Having become classics of our time, the Harry Potter stories never fail to bring comfort and escapism. With their message of hope, belonging and the enduring power of truth and love, the story of the Boy Who Lived continues to delight generations of new listeners.8 a950 bLexile 8 aZ bRaz-Plus  aFantasy vFiction aMagicvFiction aDuddle , JonnyeIllustrator  2ddccBKn0 c9617d9617 00102ddc40708FICa002b001cSBSd2026-01-26l2oROW 823.914 PZ7 .R79835 .Hp2026-0133r2026-04-09 09:12:37s2026-03-31w2026-01-26yBK